| 000 | 00563nam a2200181Ia 4500 | ||
|---|---|---|---|
| 008 | 240729s9999 xx 000 0 und d | ||
| 022 | _a2785-2709 | ||
| 245 | 0 | _aLagoonscapes | |
| 260 | _aItaly | ||
| 260 | _bFondazione Università Ca’ Foscari | ||
| 650 | _a Anthropology | Fine Arts | ||
| 650 | _a Arts in general | ||
| 650 | _a Environmental sciences | Geography. Anthropology. Recreation | ||
| 650 | _aGeography. Anthropology. Recreation | ||
| 856 | _uhttps://doaj.org/toc/e4e17a762e5a4607bb6481e0f0a55ed6 | ||
| 942 | _2ddc | ||
| 942 | _cDOAJEJ | ||
| 999 |
_c74856 _d74856 |
||
| 945 |
_a1 _bMadushi Gamage _c1 _dMadushi Gamage |
||